Исследование опасных быстроразвивающихся конвективных процессов в Северо-Кавказском регионе РФ: автореферат диссертации на соискание ученой степени кандидата физико-математических наук; спец. 25.00.30

Bibliographic Details
Main Author: Шаповалов М. А. Максим Александрович
Corporate Author: Высокогорный геофизический институт (ВГИ) Отдел физики облаков
Other Authors: Аджиева А. А. Аида Анатольевна (научный руководитель)
Summary:Защита сост. 19.06.2015 г.
Language:Russian
Published: Нальчик, 2015
Subjects:
Format: MixedMaterials Book
KOHA link:https://koha.lib.tpu.ru/cgi-bin/koha/opac-detail.pl?biblionumber=302054

MARC

LEADER 00000nam0a2200000 4500
001 302054
005 20251219172823.0
035 |a (RuTPU)RU\TPU\book\327249 
090 |a 302054 
100 |a 20150818d2015 k y0rusy50 ca 
101 0 |a rus 
102 |a RU 
105 |a a dm 001zy 
200 1 |a Исследование опасных быстроразвивающихся конвективных процессов в Северо-Кавказском регионе РФ  |e автореферат диссертации на соискание ученой степени кандидата физико-математических наук  |e спец. 25.00.30  |f М. А. Шаповалов  |g Высокогорный геофизический институт (ВГИ), Отдел физики облаков ; науч. рук. А. А. Аджиева 
210 |a Нальчик  |d 2015 
215 |a 22 с.  |c ил. 
300 |a Защита сост. 19.06.2015 г. 
320 |a Библиогр.: с. 20-21 (10 назв.). 
606 |a Стихийные бедствия  |2 stltpush  |3 (RuTPU)RU\TPU\subj\51472  |9 70066 
606 1 |a Метеорологические наблюдения  |x Радиолокационный метод  |2 stltpush  |3 (RuTPU)RU\TPU\subj\43446  |9 62945 
606 |a Стихийные бедствия  |2 stltpush  |3 (RuTPU)RU\TPU\subj\51472  |9 70066 
610 1 |a конвективные облака 
610 1 |a термодинамические процессы 
610 1 |a микрофизические процессы 
610 1 |a электрические процессы 
610 1 |a Северо-Кавказский регион 
610 1 |a тропосфера 
610 1 |a опасные процессы 
610 1 |a аэрологическое зондирование 
610 1 |a численное моделирование 
610 1 |a радиометеорология 
610 1 |a авторефераты диссертаций 
675 |a 551.501.8(04)  |v 3 
675 |a 502.2(04)  |v 3 
686 |a 25.00.30  |2 oksvnk 
700 1 |a Шаповалов  |b М. А.  |g Максим Александрович 
702 1 |a Аджиева  |b А. А.  |g Аида Анатольевна  |4 727 
712 0 2 |a Высокогорный геофизический институт (ВГИ)  |b Отдел физики облаков  |c (Нальчик)  |2 stltpush  |3 (RuTPU)RU\TPU\col\13909 
801 1 |a RU  |b 63413507  |c 20150818 
801 2 |a RU  |b 63413507  |c 20150916  |g RCR 
942 |c BK